000 00245nam a2200097Ia 4500
001 729995
005 20250826163706.0
008 250824s9999 xx 000 0 und d
245 0 _aİPE UN SEREN ADAM
_cNÜZHET ERMAN
260 _bKÜLTÜR BAKANLIĞI
999 _c729995
_d729995